[Event "Moia op 2nd"]
[Site "Moia"]
[Date "2013.11.15"]
[Round "8"]
[White "Codina Espinasa, Joan"]
[Black "Vilarrasa Pujol, Joaquim"]
[Result "1/2-1/2"]
[WhiteElo "1837"]
[BlackElo "1852"]
[PlyCount "50"]
[EventDate "2013.09.20"]
[EventType "swiss"]
[EventRounds "8"]
[EventCountry "ESP"]
[SourceTitle "EXT 2015"]
[Source "ChessBase"]
[SourceDate "2014.11.20"]
[SourceVersion "1"]
[SourceVersionDate "2014.11.20"]
[SourceQuality "1"]

1. e4 c5 2. Bc4 e6 3. Nf3 a6 4. a3 Nc6 5. d3 b5 6. Ba2 Be7 7. Bd2 Nf6 8. Bc3 Qc7 9. h3 Bb7 10. Bd2 0-0 11. Bg5 d5 12. exd5 exd5 13. 0-0 Rad8 14. Nbd2 Ne5 15. Re1 Ng6 16. d4 h6 17. Be3 c4 18. c3 Bd6 19. Bb1 Ne4 20. Nxe4 dxe4 21. Nd2 f5 22. Qh5 Rf6 23. Nf1 Be7 24. Bd2 Rd5 25. Ne3 Nf4 1/2-1/2

[Event "Moia op 2nd"]
[Site "Moia"]
[Date "2013.11.08"]
[Round "7"]
[White "Clavel Moliner, Francesc"]
[Black "Vilarrasa Pujol, Joaquim"]
[Result "1/2-1/2"]
[WhiteElo "1832"]
[BlackElo "1852"]
[PlyCount "22"]
[EventDate "2013.09.20"]
[EventType "swiss"]
[EventRounds "8"]
[EventCountry "ESP"]
[SourceTitle "EXT 2015"]
[Source "ChessBase"]
[SourceDate "2014.11.20"]
[SourceVersion "1"]
[SourceVersionDate "2014.11.20"]
[SourceQuality "1"]

1. d4 d5 2. c4 e5 3. dxe5 d4 4. Nf3 Nc6 5. a3 a5 6. e3 Bg4 7. Be2 Bc5 8. 0-0 Nge7 9. Bd2 dxe3 10. Bxe3 Bxe3 11. fxe3 0-0 1/2-1/2

[Event "Moia op 2nd"]
[Site "Moia"]
[Date "2013.10.11"]
[Round "4"]
[White "Urena Casacuberta, Lluis"]
[Black "Vilarrasa Pujol, Joaquim"]
[Result "1/2-1/2"]
[WhiteElo "1918"]
[BlackElo "1852"]
[PlyCount "20"]
[EventDate "2013.09.20"]
[EventType "swiss"]
[EventRounds "8"]
[EventCountry "ESP"]
[SourceTitle "EXT 2015"]
[Source "ChessBase"]
[SourceDate "2014.11.20"]
[SourceVersion "1"]
[SourceVersionDate "2014.11.20"]
[SourceQuality "1"]

1. e4 c5 2. Nf3 e6 3. d4 cxd4 4. Nxd4 Nf6 5. Nc3 Nc6 6. Be2 Bc5 7. Be3 Qb6 8. Na4 Qa5+ 9. Nc3 Qb6 10. Na4 Qa5+ 1/2-1/2